Figures show rise in new-build flats (Record no. 72877)

MARC details
000 -LEADER
fixed length control field 01238cam a2200229 4500
001 - CONTROL NUMBER
control field WB3923-08
008 - FIXED-LENGTH DATA ELEMENTS--GENERAL INFORMATION
fixed length control field 030618n2003 000 0 eng u
035 ## - SYSTEM CONTROL NUMBER
System control number (Sirsi) u122644
245 ## - TITLE STATEMENT
Title Figures show rise in new-build flats
260 ## - PUBLICATION, DISTRIBUTION, ETC.
Date of publication, distribution, etc. 2003
490 ## - SERIES STATEMENT
Series statement Planning (for the Natural and Built Environment)
Volume/sequential designation (1523) 13 June 2003, 3(1)
490 ## - SERIES STATEMENT
Series statement House Builders Federation Press Release
Volume/sequential designation 4 June 2003 (1)
520 ## - SUMMARY, ETC.
Summary, etc. Statistics from the National House Building Council for the first quarter of 2003 show that, for the first time, more flats than detached houses are being built in England as developers follow government recommendations for higher density living and urban regeneration. The House Builders Federation warned though that there needs to be a balance between the supply of houses and flats as people still aspire to own their own home. The figures also do not show an improvement in the UK's undersupply of housing. NHBC website http://www.nhbc.co.uk. http://www.hbf.co.uk/press_releases/hbf_11.html
590 ## - LOCAL NOTE (RLIN)
Local note WB
650 ## - SUBJECT ADDED ENTRY--TOPICAL TERM
Topical term or geographic name entry element HOUSE BUILDING SECTOR
650 ## - SUBJECT ADDED ENTRY--TOPICAL TERM
Topical term or geographic name entry element FLATS
650 ## - SUBJECT ADDED ENTRY--TOPICAL TERM
Topical term or geographic name entry element URBAN REGENERATION
650 ## - SUBJECT ADDED ENTRY--TOPICAL TERM
Topical term or geographic name entry element HIGH DENSITY HOUSING
650 ## - SUBJECT ADDED ENTRY--TOPICAL TERM
Topical term or geographic name entry element HOUSE BUILDERS
690 ## - LOCAL SUBJECT ADDED ENTRY--TOPICAL TERM (OCLC, RLIN)
Topical term or geographic name as entry element HOUSING
942 ## - ADDED ENTRY ELEMENTS (KOHA)
Suppress in OPAC 0
Holdings
Withdrawn status Lost status Source of classification or shelving scheme Damaged status Not for loan Home library Current library Shelving location Date acquired Total Checkouts Full call number Barcode Date last seen Copy number Price effective from Koha item type
    Dewey Decimal Classification     London London News article 18/06/2003   WB3923-08 122644-1001 06/08/2019 1 06/08/2019 News article